|
|
|
|
| LEADER |
01707nam a2200469 a 4500 |
| 001 |
nkc20061645235 |
| 003 |
CZ PrNK |
| 005 |
20130903183252.0 |
| 007 |
ta |
| 008 |
060302s2006 xr g f 001 0dcze |
| 015 |
|
|
|a cnb001645235
|
| 020 |
|
|
|a 80-7363-031-1
|q (váz.) :
|c Kč 198,00
|
| 035 |
|
|
|a (OCoLC)85527128
|
| 040 |
|
|
|a ABA001
|b cze
|
| 041 |
1 |
|
|a cze
|h ita
|
| 043 |
|
|
|a e------
|
| 072 |
|
7 |
|a 14(100)"04/14"
|x Středověká filozofie
|2 Konspekt
|9 5
|
| 080 |
|
|
|a 14(100)"04/14"
|2 MRF
|
| 080 |
|
|
|a 101-051
|2 MRF
|
| 080 |
|
|
|a (4)
|2 MRF
|
| 080 |
|
|
|a (0.062)
|2 MRF
|
| 100 |
1 |
|
|a De Crescenzo, Luciano,
|d 1928-2019
|7 jn19990001664
|4 aut
|
| 245 |
1 |
0 |
|a Příběhy středověké filozofie /
|c Luciano De Crescenzo ; přeložila Iva Papírníková
|
| 250 |
|
|
|a 1. vyd. v českém jazyce
|
| 260 |
|
|
|a Praha :
|b Dokořán,
|c 2006
|
| 300 |
|
|
|a 167 s. ;
|c 21 cm
|
| 500 |
|
|
|a Přeloženo z italštiny
|
| 504 |
|
|
|a Obsahuje bibliografické odkazy a rejstřík
|
| 650 |
0 |
7 |
|a středověká filozofie
|7 ph126228
|z Evropa
|2 czenas
|
| 650 |
0 |
7 |
|a filozofové
|7 ph117191
|z Evropa
|2 czenas
|
| 650 |
0 |
9 |
|a medieval philosophy
|z Europe
|2 eczenas
|
| 650 |
0 |
9 |
|a philosophers
|z Europe
|2 eczenas
|
| 655 |
|
7 |
|a populárně-naučné publikace
|7 fd131864
|2 czenas
|
| 655 |
|
9 |
|a popular works
|2 eczenas
|
| 700 |
1 |
|
|a Papírníková, Iva
|7 xx0019390
|4 trl
|
| 765 |
0 |
|
|t Storia della filosofia medioevale
|9 Česky
|
| 910 |
2 |
|
|a BOA001
|b 2-1165.900
|
| 990 |
|
|
|a BK
|
| 995 |
|
|
|a 01
|
| 991 |
|
|
|b 200604
|c NOV
|
| 996 |
6 |
|
|b 2610274531
|c 2-1165.900
|l MZK
|r Sklad / do 1 hodiny
|n 3
|p p.v.
|w 000810973
|u 000010
|a 1
|e BOA001
|j MZK50
|s P
|
| 996 |
7 |
|
|b 2610276290
|c 2-1165.900
|l MZK
|r Sklad / do 1 hodiny
|n 28
|p kup
|w 000810973
|u 000020
|a 1
|e BOA001
|j MZK50
|s A
|